Peregrinaciones (Record no. 311)
[ view plain ]
| 000 -LEADER | |
|---|---|
| campo de control de longitud fija | 00589nam a22001697a 4500 |
| 008 - DATOS DE LONGITUD FIJA--INFORMACIÓN GENERAL | |
| campo de control de longitud fija | 140829b xxu||||| |||| 00| 0 eng d |
| 020 ## - NÚMERO INTERNACIONAL ESTÁNDAR DEL LIBRO | |
| Número Internacional Estándar del Libro | 8437611059 |
| 082 ## - NÚMERO DE LA CLASIFICACIÓN DECIMAL DEWEY | |
| Número de clasificación | 194 |
| Número de ítem | L991 |
| 100 ## - ENTRADA PRINCIPAL--NOMBRE DE PERSONA | |
| Nombre de persona | Lyotard, Jean-Francois |
| 9 (RLIN) | 1418 |
| 245 ## - MENCIÓN DEL TÍTULO | |
| Título | Peregrinaciones |
| Resto del título | Ley, Forma, acontecimientos |
| Mención de responsabilidad, etc. | Lyotard, Jean Francois |
| 260 ## - PUBLICACIÓN, DISTRIBUCIÓN, ETC. | |
| Lugar de publicación, distribución, etc. | Madrid |
| Nombre del editor, distribuidor, etc. | Editorial Catedra |
| Fecha de publicación, distribución, etc. | 1992 |
| 300 ## - DESCRIPCIÓN FÍSICA | |
| Extensión | 160 p |
| Otras características físicas | ill. col |
| Dimensiones | 18cm |
| 505 ## - NOTA DE CONTENIDO CON FORMATO | |
| Título | Peregrinaciones, Ley, Forma, acontecimientos, Jean Francois Lyotard. |
| 650 ## - PUNTO DE ACCESO ADICIONAL DE MATERIA--TÉRMINO DE MATERIA | |
| Término de materia o nombre geográfico como elemento de entrada | Filosofia Marxista |
| Subdivisión general | socialismo |
| 9 (RLIN) | 1467 |
| 655 ## - TERMINO DE INDIZACIÓN--GENERO/FORMA | |
| Datos o término principal de género/forma | Filososfia |
| 9 (RLIN) | 1468 |
| 700 ## - ENTRADA AGREGADA--NOMBRE PERSONAL | |
| Nombre de persona | Jean Francois Lyotard |
| 9 (RLIN) | 1421 |
| Estatus retirado | Estado de pérdida | Fuente del sistema de clasificación o colocación | Estado de daño | No para préstamo | Biblioteca de origen | Biblioteca actual | Ubicación en estantería | Fecha de adquisición | Total de préstamos | Signatura topográfica completa | Código de barras | Visto por última vez | Precio de reemplazo | Tipo de ítem Koha |
|---|---|---|---|---|---|---|---|---|---|---|---|---|---|---|
| Clasificación Decimal Dewey | Biblioteca LadoV | Biblioteca LadoV | 29/08/2014 | 194 L991 | 000323 | 29/08/2014 | 29/08/2014 | Material 01 |
